000 03059cam a22005054i 4500
003 PE-LiUPU
005 20250731180135.0
008 150625s r 000 0 d
020 _a8460972046
035 _a(Sirsi) i9788460972044
040 _aPE-LiUPU
_bspa
_cPE-LiUPU
_erda
049 _aPRUA
082 0 4 _a542
_bV21
_221
100 1 _aValero Cortés, M. Francisca,
_eautor.
245 1 0 _aPrácticas de operaciones básicas :
_bciclo formativo de grado medio"laboratorio" /
_cM. Francisca Valero Cortés.
264 1 _a[Paterna (Valencia)] :
_bM:F: Valero,
_c2005.
300 _a95 páginas :
_bi., ;
_c30 centímetros
336 _atext
_2rdacontent
337 _aunmediated
_2rdamedia
338 _avolume
_2rdacarrier
505 0 _aConocimiento y manejo del material del laboratorio. -Trabajo con vidrio y corcho. -determinación de la masa por los diferentes métodos de pesada. -Determinación del volumen de sólido. -Determinación del volumen de un gas. -Calibración de un termómetro. -Mezcla frigoríficas. -Medida de la presión atmosférica a través de una jeringa. -Filtración normal. utilización de los coadyuvantes. -Aislamiento de la casína y la lactosa de la leche. -Síntisis de ácido acetil salicílico. -Microfiltración. detención cualitativa del plomo. -Centrafugación. -Tamizado. -Medida de la humedad. higrometria. -Determinación del agua de cristalización de una sal. -Determinación de la humedad de la leche en polvo. -Elección del disolvente adecuado para realizar una cristalización. -Cristalización fraccionada. -Determinación de la masa de clorato potásio en una muestra. -Obtención de la masa del clorato potásico en una muestra. -Obtención de sulfato deo cobre (II) a partir de óxido de cobre. -Obtención de alumbre crómico-potásico. -Obtención de alumbre potásico. -Destilación simple del agua. -Determinación del grado alcohólico del vino. -Rectificación. -Destilación a vacío. concentración de zumos vegetales. -Destilación por arrastre de vapor aislamiento de aceites esenciales. -Extracción de la nicotina del tabaco mediante el soxhlet. -Estracción de un colorante.
526 _aSEG44
526 _aSEG26
526 _aP159
526 _aP155
526 _aP154
526 _aP153
526 _aP150
526 _aP100
526 _aP31
526 _aP30
526 _aP26
526 _aP25
526 _aP24
526 _aP22
526 _aP15
526 _aP10
541 _g015-009036;
650 0 4 _aQuímica
_vManuales, etc.
942 _2ddc
_cBOOK
949 _a542 V21
_wDEWEY
_c1
_i57887
_d2015-10-28
_e2015-10-20
_lCCODEBUL1
_mBUL
_n3
_r0
_sY
_tBOOK
_u2015-6-25
_xINGENIERIA
_PP24
_0COMPRA
_o.STAFF. Colección General
994 _aC0
_bPEPRU
596 _a1
999 _a542 V21
_wDEWEY
_c46874
_i57887
_d46874
_e2015-10-20
_f2021-11-5
_g7
_lCCODEBUL1
_mBUL
_n3
_q1
_r0
_sY
_tBOOK
_u2015-6-25
_xBIBLIOTECA
_PP24
_0COMPRA
_o.STAFF. Colección General
980 _81
_gALBERTO SANCHEZ Responsable de Automatización